| 000 | 01188nam a22003255a 4500 | ||
|---|---|---|---|
| 003 | EG-ScBUE | ||
| 005 | 20211026122157.0 | ||
| 008 | 171107s2017 ua f 000 0 ara d | ||
| 017 | _a2017 / 19347 | ||
| 020 | _a9789770817551 | ||
| 040 |
_aEG-ScBUE _bara _erda _cEG-ScBUE _dEG-ScBUE |
||
| 043 | _af-ua--- | ||
| 082 | 0 | 4 |
_a306.420962 _bش و م _222 |
| 100 | 1 |
_aشومان، محمد، _eمؤلف. |
|
| 245 | 1 | 0 |
_aخطاب الشارع : _bتحولات الحياة والموت في مصر / _cد. محمد شومان. |
| 264 | 1 |
_aالقاهرة : _bدار أخبار اليوم، _c2017. |
|
| 300 |
_a136 صفحة ؛ _c20 سم. |
||
| 336 |
_2rdacontent _aنص _btxt |
||
| 337 |
_2rdamedia _aبدون وسيط _bn |
||
| 338 |
_2rdacarrier _aمجلد _bnc |
||
| 490 | 0 |
_aكتاب اليوم ؛ _v648 |
|
| 541 |
_cإهداء ؛ _aدكتور محمد شومان. |
||
| 650 | 7 |
_aالثقافة _zمصر. _2BUEsh |
|
| 651 | 7 |
_aمصر _xحياة فكرية. _2BUEsh |
|
| 651 | 7 |
_aمصر _xحياة وعادات اجتماعية. _2BUEsh |
|
| 651 | 7 |
_aمصر _xالحياة السياسية. _2BUEsh |
|
| 653 |
_bCOMAME _bBUSBOL _cNovember2017 |
||
| 655 |
_vReading book _934232 |
||
| 942 | _2ddc | ||
| 999 |
_c25541 _d25513 |
||